000 00498nam a2200169 i 4500
001 149951
003 ES-MaACL
005 20230906203324.0
007 t|
008 071025s1971 sp ||||1| spa d
100 1 _aVander, Adrianus.
_9113059
245 1 0 _aFuente de juventud
_b: hormonas, elixires de vida /
_cA. Vander.
260 _aBarcelona :
_bSintes,
_c1971.
300 _a183 p., 17 lám. ;
_c19 cm.
650 4 _aGlándulas endocrinas.
_9166047
852 _aES-MaACL
_jC-48155
_bR.76238
999 _c149951
_d149951